[Event "GRE-ch U16"]
[Site "Rio Achaia"]
[Date "2018.07.08"]
[Round "8"]
[White "Papadopoulos, Dimitrios Ath"]
[Black "Loukopoulos, Panagiotis Athanasi"]
[Result "1/2-1/2"]
[WhiteElo "1609"]
[BlackElo "1942"]
[PlyCount "84"]
[EventDate "2018.07.03"]
[EventType "swiss"]
[EventRounds "9"]
[EventCountry "GRE"]
[SourceTitle "EXT 2019"]
[Source "ChessBase"]
[SourceDate "2018.10.10"]
[SourceVersion "1"]
[SourceVersionDate "2018.10.10"]
[SourceQuality "1"]

1. d4 d5 2. Nf3 Nf6 3. c4 e6 4. g3 Bb4+ 5. Bd2 Be7 6. Bg2 0-0 7. 0-0 Nbd7 8. Qc2 Ne4 9. Rd1 c6 10. Be3 f5 11. Ne1 g5 12. Nd3 Qe8 13. f3 Nd6 14. Nd2 b5 15. b3 bxc4 16. bxc4 Ba6 17. c5 Nc4 18. Nxc4 Bxc4 19. Bf2 Qc8 20. e4 fxe4 21. fxe4 Rb8 22. e5 Qe8 23. Nb2 Ba6 24. Rab1 Qh5 25. Nd3 Qg6 26. Nb4 Qxc2 27. Nxc2 Be2 28. Rxb8 Rxb8 29. Rd2 Rb1+ 30. Ne1 Bc4 31. Bf1 Bxf1 32. Kxf1 Bd8 33. Ke2 Ba5 34. Rc2 Kf7 35. h3 Nb8 36. Nf3 h6 37. Nd2 Bxd2 38. Kxd2 Na6 39. Rc1 Rb2+ 40. Rc2 Rb1 41. Rc1 Rb2+ 42. Rc2 Rb1 1/2-1/2

[Event "GRE-ch U16"]
[Site "Rio Achaia"]
[Date "2018.07.05"]
[Round "4"]
[White "Papadopoulos, Ioannis1111"]
[Black "Papadopoulos, Dimitrios Ath"]
[Result "1-0"]
[WhiteElo "1929"]
[BlackElo "1609"]
[PlyCount "57"]
[EventDate "2018.07.03"]
[EventType "swiss"]
[EventRounds "9"]
[EventCountry "GRE"]
[SourceTitle "EXT 2019"]
[Source "ChessBase"]
[SourceDate "2018.10.10"]
[SourceVersion "1"]
[SourceVersionDate "2018.10.10"]
[SourceQuality "1"]

1. e4 c5 2. Nf3 e6 3. d4 cxd4 4. Nxd4 Nc6 5. Nc3 Qc7 6. Be3 a6 7. Qf3 Nf6 8. 0-0-0 d6 9. Qg3 Nxd4 10. Bxd4 e5 11. Be3 Be6 12. Bd3 b5 13. Kb1 Rb8 14. f4 b4 15. Nd5 Bxd5 16. exd5 Nxd5 17. fxe5 Nc3+ 18. bxc3 bxc3+ 19. Ka1 dxe5 20. Bc4 Ba3 21. Bb3 Rxb3 22. Qxg7 Rf8 23. axb3 Qa5 24. Kb1 Bb2 25. Rd8+ Qxd8 26. Qxe5+ Qe7 27. Qxe7+ Kxe7 28. Bc5+ Ke8 29. Re1+ 1-0

[Event "GRE-ch U16"]
[Site "Rio Achaia"]
[Date "2018.07.04"]
[Round "3"]
[White "Papadopoulos, Dimitrios Ath"]
[Black "Brokalakis Gounaris, Christos"]
[Result "0-1"]
[WhiteElo "1609"]
[BlackElo "1901"]
[PlyCount "92"]
[EventDate "2018.07.03"]
[EventType "swiss"]
[EventRounds "9"]
[EventCountry "GRE"]
[SourceTitle "EXT 2019"]
[Source "ChessBase"]
[SourceDate "2018.10.10"]
[SourceVersion "1"]
[SourceVersionDate "2018.10.10"]
[SourceQuality "1"]

1. d4 Nf6 2. Nf3 e6 3. c4 d5 4. g3 Bb4+ 5. Bd2 Bd6 6. Bg2 c6 7. b3 Ne4 8. Nc3 0-0 9. Qc2 f5 10. 0-0 Nd7 11. Ne1 Qf6 12. Nxe4 dxe4 13. Bc3 Qg5 14. e3 Nf6 15. Qe2 Ng4 16. h3 Nf6 17. a3 Nh5 18. Bb4 Bxb4 19. axb4 Bd7 20. Kh2 a6 21. Rg1 g6 22. Bf1 Qe7 23. Qd2 Rad8 24. Qc3 h6 25. Be2 Ng7 26. Ng2 g5 27. Raf1 Rf6 28. Ra1 Kh7 29. Raf1 Ne8 30. Rh1 Nd6 31. Rd1 Rg8 32. Rhg1 Nf7 33. Rd2 Be8 34. Bh5 Nd6 35. Be2 Bg6 36. Ra1 Qe8 37. Rad1 Rgf8 38. Ra2 Bh5 39. Qb2 Bf3 40. Qc2 Bxg2 41. Kxg2 f4 42. Bf1 fxe3 43. fxe3 Qf7 44. c5 Rxf1 45. cxd6 Qf3+ 46. Kh2 Rxd1 0-1

[Event "GRE-ch U14"]
[Site "Porto Rio"]
[Date "2016.07.04"]
[Round "9"]
[White "Loukopoulos, Panagiotis Athanasi"]
[Black "Papadopoulos, Dimitrios Ath"]
[Result "1/2-1/2"]
[WhiteElo "1847"]
[BlackElo "1452"]
[PlyCount "66"]
[EventDate "2016.06.28"]
[EventType "swiss"]
[EventRounds "9"]
[EventCountry "GRE"]
[SourceTitle "CBM 173 Extra"]
[Source "ChessBase"]
[SourceDate "2016.08.29"]
[SourceVersion "1"]
[SourceVersionDate "2016.08.29"]
[SourceQuality "1"]

1. e4 c5 2. Nc3 Nc6 3. Bb5 Nd4 4. Bc4 g6 5. Nf3 Bg7 6. Nxd4 Bxd4 7. 0-0 e6 8. d3 Bg7 9. f4 Ne7 10. e5 d5 11. exd6 Qxd6 12. Be3 b6 13. Qf3 Rb8 14. Ne4 Qc7 15. Bb5+ Bd7 16. Bxd7+ Qxd7 17. Bd2 0-0 18. Bc3 Nd5 19. Bxg7 Kxg7 20. g4 Rh8 21. Rf2 Rbg8 22. g5 h6 23. c4 f5 24. cxd5 fxe4 25. dxe4 exd5 26. exd5 hxg5 27. fxg5 Rf8 28. Qg2 Rxf2 29. Qxf2 Qg4+ 30. Qg2 Rh4 31. Qxg4 Rxg4+ 32. Kf2 Rxg5 33. Rd1 Kf8 1/2-1/2

[Event "GRE-ch U14"]
[Site "Porto Rio"]
[Date "2016.06.29"]
[Round "3"]
[White "Magoulianos, Nikolaos"]
[Black "Papadopoulos, Dimitrios Ath"]
[Result "1/2-1/2"]
[WhiteElo "1360"]
[BlackElo "1452"]
[PlyCount "72"]
[EventDate "2016.06.28"]
[EventType "swiss"]
[EventRounds "9"]
[EventCountry "GRE"]
[SourceTitle "CBM 173 Extra"]
[Source "ChessBase"]
[SourceDate "2016.08.29"]
[SourceVersion "1"]
[SourceVersionDate "2016.08.29"]
[SourceQuality "1"]

1. d4 Nf6 2. c4 e6 3. g3 Bb4+ 4. Bd2 a5 5. Nf3 d5 6. Bg2 0-0 7. a3 Be7 8. Qc2 b6 9. 0-0 Ba6 10. cxd5 Bxe2 11. Rc1 Nxd5 12. Ne1 Ra7 13. Bxa5 Rxa5 14. Qxe2 Bf6 15. Nf3 Ne7 16. Nbd2 Nf5 17. Nb3 Ra7 18. Rd1 Re8 19. Rac1 Re7 20. Ne5 Nd6 21. Nd2 h6 22. Ne4 Nxe4 23. Qxe4 Bxe5 24. dxe5 Rd7 25. Qe2 c5 26. Bf3 Ra4 27. Rxd7 Qxd7 28. Rd1 Rd4 29. Qc2 Rxd1+ 30. Qxd1 Qxd1+ 31. Bxd1 Nc6 32. f4 Kf8 33. Kf2 Ke7 34. Ke3 f6 35. Ba4 Na5 36. Kd3 Kd8 1/2-1/2

[Event "GRE-ch U12"]
[Site "Rio Achaia"]
[Date "2015.06.27"]
[Round "2.14"]
[White "Patrelakis, Evaggelos"]
[Black "Papadopoulos, Dimitrios Ath"]
[Result "1-0"]
[WhiteElo "1647"]
[BlackElo "1160"]
[PlyCount "59"]
[EventDate "2015.06.26"]
[EventType "swiss"]
[EventRounds "9"]
[EventCountry "GRE"]
[SourceTitle "EXT 2024"]
[Source "ChessBase"]
[SourceDate "2023.10.10"]
[SourceVersion "1"]
[SourceVersionDate "2023.10.10"]
[SourceQuality "1"]

1. e4 c5 2. Nf3 d6 3. d4 cxd4 4. Nxd4 Nf6 5. Nc3 a6 6. Bg5 e6 7. f4 Be7 8. Qf3 Qc7 9. 0-0-0 Nbd7 10. g4 h6 11. Bxf6 Bxf6 12. h4 Nb8 13. Bg2 Nc6 14. Nxc6 Qxc6 15. Rd3 Ke7 16. Qe2 Qc7 17. Qd2 Rd8 18. g5 hxg5 19. hxg5 Bxc3 20. Rxc3 Qa5 21. a3 Bd7 22. Rh7 g6 23. f5 exf5 24. exf5 Qxf5 25. Rf3 Qc5 26. Rhxf7+ Ke8 27. Rf8+ Ke7 28. R3f7+ Ke6 29. Bh3+ Ke5 30. Re7+ 1-0